000 00982nam a22002537a 4500
001 5004
003 FISKH
005 20250516093617.0
008 241031b cb ||||| |||| 00| 0 eng d
020 _a0439051088
040 _aFISKH
_beng
_cFISKH
_dFISKH
050 _aE188.M385
082 _a973.2
100 _aMasoff, Joy
245 _aColonial Times, 1600-1700 /
_cby Joy Masoff : illustrated with photograph from America's loving history museums
250 _aFirst Scholastic paperback printing, September 2000
260 _aNew York :
_bScholastic ;
_c2000 .
300 _a48 pages :
_bcolor illustrations ;
_c29 cm .
490 _aChronicle of America
_vBook 1
520 _aRe-creates early American settlements by describing in words and pictures various aspects of the colonists' lives including work, food, clothing, shelter, religion, and relationships with Native Americans.
650 _aAmerican history
_vnon-fiction
942 _2ddc
_cBK
_n0
999 _c5004
_d5004